000 00524nam a2200181Ia 4500
008 151018s9999 xx 000 0 und d
082 _bRBASDV29408
_a891.463
100 _aसंजय सोनवणी
245 _aपराभव
250 _b1
260 _bअमोल प्रकाशन मुंबई
_c1991
300 _a179
600 _aसंजय सोनवणी
630 _aपराभव
700 _aसंजय सोनवणी
730 _aपराभव
942 _cBOOK
999 _c1028954
_d1028951